| 000 | 00499nam a2200181Ia 4500 | ||
|---|---|---|---|
| 005 | 20250923145302.0 | ||
| 008 | 008 250917s9999 xx 000 0 eng d | ||
| 037 | _aTextual | ||
| 040 |
_aDSWL _beng _cDSWL |
||
| 041 |
_aeng _2eng |
||
| 084 | _qDSWL | ||
| 100 |
_aTaylor, Ian _9833685 |
||
| 245 | 0 |
_aNew Criminology : For a Social Theory of Deviance _cby Ian Taylor |
|
| 260 |
_aLondon _bRoutledgen & Kegan Paul _c1973 |
||
| 300 | _axiv,325p. | ||
| 942 | _cTEXL | ||
| 999 |
_c1449481 _d1449481 |
||